[Event "Open Nord 2014/2015"]
[Site "Meyreuil"]
[Date "2015.05.15"]
[Round "9.10"]
[White "Schoeni, Christine"]
[Black "Lupinacci, Patrick"]
[Result "0-1"]
[WhiteElo "1090"]
[BlackElo "1471"]
[PlyCount "110"]

1. d4 Nf6 2. c4 e6 3. Nc3 d5 4. c5 Be7 5. Bg5 O-O 6. e3 b6 7. b4 bxc5 8. bxc5
c6 9. Nf3 Ba6 10. Be2 Qa5 11. Qd2 Rd8 12. O-O Nbd7 13. Rfc1 h6 14. Bf4 Nh5 15.
Bxa6 Qxa6 16. Be5 Nxe5 17. Nxe5 Rab8 18. Qd3 Qb7 19. Rab1 Qc7 20. Rxb8 Rxb8 21.
Rb1 Rxb1+ 22. Qxb1 Nf6 23. f3 Bd8 24. Ne2 Nd7 25. f4 Nxe5 26. fxe5 g6 27. Ng3
Bg5 28. Kf2 Kg7 29. e4 Qa5 30. Kf1 Qa4 31. exd5 exd5 32. Ne2 h5 33. Qb3 Qa6 34.
a4 Bd8 35. Kf2 Qc8 36. Qh3 Qb7 37. e6 Qe7 38. Nf4 Qf6 39. Qe3 g5 40. Qe5 gxf4
41. Qxf6+ Bxf6 42. Kf3 fxe6 43. Kxf4 Bxd4 44. Kg5 Bxc5 45. Kxh5 d4 46. Kg4 d3
47. Kf3 d2 48. Ke2 Bb4 49. g4 c5 50. h4 c4 51. g5 e5 52. h5 c3 53. Kd1 e4 54.
h6+ Kg6 55. h7 Kxh7 0-1

[Event "Open Nord 2014/2015"]
[Site "Meyreuil"]
[Date "2015.05.15"]
[Round "9.11"]
[White "Ribelles, Anthony"]
[Black "Amoros, Jean"]
[Result "1-0"]
[WhiteElo "1440"]
[BlackElo "1474"]
[PlyCount "49"]

1. e4 Nc6 2. Nf3 f5 3. exf5 d5 4. d4 Bxf5 5. Bb5 Nf6 6. Ne5 Qd6 7. Qf3 Bxc2 8.
Nc3 Be4 9. Nxe4 dxe4 10. Qc3 Nd7 11. Nxc6 bxc6 12. Bxc6 Rb8 13. O-O g6 14. d5
Rg8 15. Qh3 Kd8 16. Qe6 Nf6 17. Bf4 Qxe6 18. dxe6 Rb6 19. Rfd1+ Kc8 20. Rac1
Rxc6 21. Rxc6 Ne8 22. Rd7 Nd6 23. Rcxc7+ Kb8 24. Rxa7 Bg7 25. Rxe7 1-0

[Event "Open Nord 2014/2015"]
[Site "Meyreuil"]
[Date "2015.05.15"]
[Round "9.12"]
[White "Pietrac, Christian"]
[Black "Gremaud, Isabelle"]
[Result "1-0"]
[WhiteElo "1214"]
[BlackElo "1399"]
[PlyCount "55"]

1. Nf3 Nc6 2. g3 e5 3. d3 h6 4. Bg2 d5 5. d4 e4 6. Ne5 Nxe5 7. dxe5 Ne7 8. O-O
Ng6 9. f3 Nxe5 10. fxe4 d4 11. Bf4 Bd6 12. Qxd4 Ng4 13. Bxd6 Qxd6 14. Qxg7 Qf8
15. Qd4 Be6 16. Nd2 a6 17. e5 h5 18. Bxb7 Rd8 19. Qa4+ Bd7 20. Qxa6 Qe7 21. Nc4
Qc5+ 22. Kg2 Ne3+ 23. Nxe3 Qxe3 24. Bc6 Qxe5 25. Bxd7+ Rxd7 26. Rad1 Rf8 27.
Qc8+ Ke7 28. Qxd7# 1-0

[Event "Open Nord 2014/2015"]
[Site "Meyreuil"]
[Date "2015.05.15"]
[Round "9.13"]
[White "Cortes, Maria"]
[Black "Gourdeau, Marie-Christine"]
[Result "0-1"]
[WhiteElo "1170"]
[BlackElo "1440"]
[PlyCount "58"]

1. d3 d5 2. b3 e5 3. Bb2 Nc6 4. Nd2 Nf6 5. c4 d4 6. a4 Bb4 7. Qc2 O-O 8. Ngf3
Re8 9. e3 dxe3 10. fxe3 Ng4 11. O-O-O Nxe3 12. Qb1 Nxd1 13. Kxd1 Bg4 14. Be2
Bf5 15. h3 Nd4 16. Bxd4 exd4 17. g4 Bg6 18. Qc2 c5 19. Re1 Rc8 20. g5 Bh5 21.
Rf1 Bxd2 22. Qxd2 Qb6 23. Qc2 Re3 24. Rf2 Rce8 25. Nh4 Bxe2+ 26. Kc1 Bxd3 27.
Qb2 Qb4 28. Ng2 Re1+ 29. Nxe1 Rxe1# 0-1